[Event "South Moravia Region-chT 2223"]
[Site "Czech Republic"]
[Date "2022.10.09"]
[Round "1.5"]
[White "Borovsky, Adam"]
[Black "Dumkova, Daniela"]
[Result "0-1"]
[WhiteElo "1916"]
[BlackElo "1902"]
[PlyCount "91"]
[EventDate "2022.10.09"]
[EventType "team-tourn"]
[EventRounds "11"]
[EventCountry "CZE"]
[SourceTitle "EXT 2024"]
[Source "ChessBase"]
[SourceDate "2023.10.10"]
[SourceVersion "1"]
[SourceVersionDate "2023.10.10"]
[SourceQuality "1"]

1. c4 c5 2. Nc3 e6 3. e4 Nc6 4. Nf3 d6 5. d4 cxd4 6. Nxd4 Nf6 7. Be2 Be7 8. 0-0 0-0 9. Be3 a6 10. Qd2 Qc7 11. Rad1 b6 12. f4 Bb7 13. Nxc6 Bxc6 14. Bf3 Rfd8 15. g4 Qb7 16. Qg2 b5 17. g5 Nd7 18. cxb5 axb5 19. a3 b4 20. axb4 Qxb4 21. Rd4 Qb7 22. b4 e5 23. Rc4 exf4 24. Bxf4 Ne5 25. Rd4 Ra3 26. Nd5 Bxd5 27. Rxd5 Qxb4 28. Bh5 g6 29. Bd1 Nc4 30. Qf2 Rf8 31. h4 Qc3 32. Qf3 Ne3 33. Bxe3 Qxe3+ 34. Qxe3 Rxe3 35. Bf3 f6 36. Kg2 Kg7 37. gxf6+ Rxf6 38. h5 Bd8 39. hxg6 hxg6 40. Rd4 Bb6 41. Ra4 g5 42. Bg4 Rxf1 43. Kxf1 Kf6 44. Kg2 Ke5 45. Bf3 Kf4 46. Rc4 0-1

[Event "BL2 Ost 1920 (Women)"]
[Site "Germany"]
[Date "2020.02.15"]
[Round "6.1"]
[White "Dumkova, Daniela"]
[Black "Lorenz, Nicole"]
[Result "1/2-1/2"]
[WhiteElo "1935"]
[BlackElo "1930"]
[PlyCount "45"]
[EventDate "2019.09.14"]
[EventType "team-tourn"]
[EventRounds "7"]
[EventCountry "GER"]
[SourceTitle "EXT 2021"]
[Source "ChessBase"]
[SourceDate "2020.10.23"]
[SourceVersion "1"]
[SourceVersionDate "2020.10.23"]
[SourceQuality "1"]
[WhiteTeam "Dresden USV TU (W)"]
[BlackTeam "Leipzig Lindenau (W)"]
[WhiteTeamCountry "GER"]
[BlackTeamCountry "GER"]

1. d4 Nf6 2. c4 e6 3. g3 d5 4. Nd2 c5 5. cxd5 Qxd5 6. Ngf3 cxd4 7. Bg2 Nc6 8. 0-0 Qb5 9. a4 Qh5 10. Nc4 Bc5 11. Bf4 0-0 12. Nfe5 Nxe5 13. Nxe5 Nd5 14. Bxd5 exd5 15. Nf3 Bg4 16. Nxd4 Bxd4 17. Qxd4 Bxe2 18. Rfe1 Rfe8 19. Ra3 Re4 20. Qd2 Rae8 21. Re3 Rxe3 22. Bxe3 Bf3 23. Bxa7 1/2-1/2

[Event "CZE-ch U18/U20 Girls"]
[Site "Kovarska"]
[Date "2016.11.19"]
[Round "9"]
[White "Dumkova, Daniela"]
[Black "Beluska, Tereza"]
[Result "1/2-1/2"]
[WhiteElo "1955"]
[BlackElo "1982"]
[PlyCount "77"]
[EventDate "2016.11.13"]
[EventType "swiss"]
[EventRounds "9"]
[EventCountry "CZE"]
[SourceTitle "EXT 2022"]
[Source "ChessBase"]
[SourceDate "2021.10.06"]
[SourceVersion "1"]
[SourceVersionDate "2021.10.06"]
[SourceQuality "1"]

1. d4 Nf6 2. c4 c5 3. Nf3 cxd4 4. Nxd4 g6 5. g3 Bg7 6. Bg2 0-0 7. 0-0 Nc6 8. e3 Ne5 9. b3 d6 10. Bb2 Rb8 11. Qe2 Bd7 12. Nd2 h5 13. h3 Qc8 14. Kh2 a6 15. Rac1 Nc6 16. Nxc6 bxc6 17. Nf3 c5 18. e4 e5 19. Rfd1 Qc7 20. Qd3 Rb6 21. Bc3 Qb8 22. Ba5 Rc6 23. Ng1 Bh6 24. Rc2 Nh7 25. Ne2 Ng5 26. f4 exf4 27. Nxf4 Ne6 28. Nxe6 Bxe6 29. Rf2 h4 30. e5 hxg3+ 31. Qxg3 Bg7 32. Bc3 Rb6 33. Re2 Rd8 34. Ba5 Bxe5 35. Rxe5 dxe5 36. Rxd8+ Qxd8 37. Bxb6 Qxb6 38. Qxe5 Qa5 39. Qe2 1/2-1/2

[Event "CZE-ch U18/U20 Girls"]
[Site "Kovarska"]
[Date "2016.11.18"]
[Round "8"]
[White "Dumkova, Daniela"]
[Black "Suchomelova, Simona"]
[Result "1/2-1/2"]
[WhiteElo "1955"]
[BlackElo "1963"]
[PlyCount "57"]
[EventDate "2016.11.13"]
[EventType "swiss"]
[EventRounds "9"]
[EventCountry "CZE"]
[SourceTitle "EXT 2022"]
[Source "ChessBase"]
[SourceDate "2021.10.06"]
[SourceVersion "1"]
[SourceVersionDate "2021.10.06"]
[SourceQuality "1"]

1. d4 Nf6 2. c4 g6 3. f3 Bg7 4. e4 d6 5. Nc3 0-0 6. Be3 e5 7. Nge2 exd4 8. Nxd4 Bd7 9. Be2 Nc6 10. 0-0 Re8 11. Qd2 Nxd4 12. Bxd4 Bc6 13. Rac1 a6 14. Rfd1 Rc8 15. Bf1 Nd7 16. Nd5 Bxd5 17. cxd5 Bxd4+ 18. Qxd4 Qg5 19. Rc3 f5 20. exf5 Qxf5 21. Rdc1 Ne5 22. Rxc7 Rxc7 23. Rxc7 Qxf3 24. Qxe5 Qxf1+ 25. Kxf1 Rxe5 26. Rxb7 Rxd5 27. Ke2 Re5+ 28. Kf3 Rf5+ 29. Ke4 1/2-1/2

[Event "CZE-ch U18/U20 Girls"]
[Site "Kovarska"]
[Date "2016.11.17"]
[Round "7"]
[White "Kanakova, Natalie"]
[Black "Dumkova, Daniela"]
[Result "1/2-1/2"]
[WhiteElo "2116"]
[BlackElo "1955"]
[PlyCount "87"]
[EventDate "2016.11.13"]
[EventType "swiss"]
[EventRounds "9"]
[EventCountry "CZE"]
[SourceTitle "EXT 2022"]
[Source "ChessBase"]
[SourceDate "2021.10.06"]
[SourceVersion "1"]
[SourceVersionDate "2021.10.06"]
[SourceQuality "1"]

1. e4 c5 2. Nf3 d6 3. d4 cxd4 4. Nxd4 Nf6 5. Nc3 a6 6. Be2 e5 7. Nb3 Be7 8. 0-0 0-0 9. Kh1 Nc6 10. f4 b5 11. Bf3 Bb7 12. Qe1 exf4 13. Bxf4 Ne5 14. Rd1 Qc7 15. a3 Rfe8 16. Nd4 Bf8 17. Nf5 Bc8 18. Ne3 Be6 19. Bg5 Nfd7 20. Be2 Nc4 21. Bxc4 Bxc4 22. Rf2 Be6 23. Rfd2 Ne5 24. Qg3 Qb7 25. Ncd5 Bxd5 26. Nxd5 Nd7 27. Re1 Re6 28. Qh4 Rae8 29. Rde2 a5 30. Bd2 a4 31. Bb4 Nf6 32. Nxf6+ Rxf6 33. Bc3 Rh6 34. Qg4 Rg6 35. Qf5 Rge6 36. Qg4 Rg6 37. Qf3 Rge6 38. h3 Qd7 39. Qd3 Qb7 40. Re3 Qc6 41. Qd4 Qc5 42. Qd2 Qc6 43. Qd3 Qc5 44. Bd4 1/2-1/2

[Event "Brno Duras op"]
[Site "Brno"]
[Date "2016.06.30"]
[Round "6"]
[White "Danek, Daniel"]
[Black "Dumkova, Daniela"]
[Result "1/2-1/2"]
[WhiteElo "2015"]
[BlackElo "1874"]
[PlyCount "81"]
[EventDate "2016.06.25"]
[EventType "swiss"]
[EventRounds "9"]
[EventCountry "CZE"]
[SourceTitle "CBM 173 Extra"]
[Source "ChessBase"]
[SourceDate "2016.08.29"]
[SourceVersion "1"]
[SourceVersionDate "2016.08.29"]
[SourceQuality "1"]

1. e4 c5 2. Nc3 a6 3. Nf3 d6 4. d4 cxd4 5. Nxd4 Nf6 6. Be2 e5 7. Nb3 Be7 8. Bg5 Be6 9. Qd2 Nbd7 10. 0-0-0 b5 11. a3 h6 12. Be3 Qc7 13. Nd5 Bxd5 14. exd5 Nb6 15. Bxb6 Qxb6 16. Qa5 Qxa5 17. Nxa5 Ne4 18. Rhf1 Bg5+ 19. Kb1 Nd2+ 20. Rxd2 Bxd2 21. Nc6 Bg5 22. Bd3 Kd7 23. g3 Rhf8 24. h4 Bd8 25. Bf5+ Kc7 26. h5 Bg5 27. g4 Kb6 28. b4 a5 29. Kb2 axb4 30. axb4 Ra6 31. c3 Rfa8 32. Bb1 Ra1 33. Na5 R1xa5 34. bxa5+ Rxa5 35. Kb3 Ra1 36. Kb2 Ra4 37. f3 Kc5 38. Bc2 Ra7 39. Be4 Rc7 40. Kb3 Kb6 41. Rf2 1/2-1/2

[Event "Brno Duras op"]
[Site "Brno"]
[Date "2016.06.28"]
[Round "4"]
[White "Novosadova, Kristyna"]
[Black "Dumkova, Daniela"]
[Result "1/2-1/2"]
[WhiteElo "2201"]
[BlackElo "1874"]
[PlyCount "142"]
[EventDate "2016.06.25"]
[EventType "swiss"]
[EventRounds "9"]
[EventCountry "CZE"]
[SourceTitle "CBM 173 Extra"]
[Source "ChessBase"]
[SourceDate "2016.08.29"]
[SourceVersion "1"]
[SourceVersionDate "2016.08.29"]
[SourceQuality "1"]

1. d4 Nf6 2. Nf3 e6 3. e3 c5 4. Bd3 d5 5. b3 Nbd7 6. 0-0 a6 7. a4 b6 8. Nbd2 Bb7 9. Bb2 Be7 10. Ne5 0-0 11. f4 Ne4 12. Nxe4 dxe4 13. Bc4 cxd4 14. Nxd7 Qxd7 15. Qxd4 Qxd4 16. Bxd4 Bc5 17. Bxc5 bxc5 18. Rad1 Rfd8 19. f5 Bd5 20. fxe6 Bxc4 21. e7 Re8 22. bxc4 Rxe7 23. Rf5 g6 24. Rxc5 Rb8 25. Rc6 Rb4 26. a5 Ra4 27. Rd5 Rb7 28. Rxa6 Rb1+ 29. Kf2 Rxc4 30. Rd2 Rb2 31. Rad6 Ra2 32. a6 Rca4 33. Kg3 Rxa6 34. Rxa6 Rxa6 35. c4 Rc6 36. Rd4 f5 37. Kf4 Kf7 38. Kg5 Ke6 39. g4 Ke5 40. Rd5+ Ke6 41. gxf5+ gxf5 42. Rxf5 Rxc4 43. Kf4 Rc7 44. Re5+ Kf6 45. Rxe4 Rc2 46. h4 Rf2+ 47. Kg4 Re2 48. Kf3 Rh2 49. Ra4 Rh3+ 50. Ke2 Rh2+ 51. Kd3 Rh3 52. Re4 Rh1 53. Kd4 Rd1+ 54. Kc5 Rh1 55. Kd6 Rd1+ 56. Rd4 Re1 57. Rf4+ Kg6 58. e4 Ra1 59. Rf5 Ra6+ 60. Ke5 Ra5+ 61. Kf4 Rxf5+ 62. exf5+ Kf6 63. Kg4 Kf7 64. Kg5 Kg7 65. f6+ Kf7 66. Kf5 Kf8 67. Ke6 Ke8 68. h5 Kf8 69. Kf5 Kf7 70. Ke5 Kf8 71. Ke6 Ke8 1/2-1/2

[Event "Hradec Kralove op"]
[Site "Hradec Kralove"]
[Date "2015.10.10"]
[Round "8"]
[White "Dumkova, Daniela"]
[Black "Seibt, Sascha"]
[Result "0-1"]
[WhiteElo "1906"]
[BlackElo "1789"]
[PlyCount "70"]
[EventDate "2015.10.04"]
[EventType "swiss"]
[EventRounds "9"]
[EventCountry "CZE"]
[SourceTitle "CBM 168 Extra"]
[Source "ChessBase"]
[SourceDate "2015.10.29"]
[SourceVersion "1"]
[SourceVersionDate "2015.10.29"]
[SourceQuality "1"]

1. d4 Nf6 2. c4 c5 3. dxc5 e6 4. g3 Bxc5 5. Bg2 Ng4 6. e3 Ne5 7. b3 Qf6 8. Nc3 Ng4 9. Qc2 Nxf2 10. Bd2 Nxh1 11. Bxh1 Nc6 12. Nf3 Nb4 13. Qb1 Bxe3 14. a3 Bxd2+ 15. Kxd2 Qh6+ 16. Ke2 Nc6 17. Qd3 0-0 18. h4 Qg6 19. Ne4 d5 20. cxd5 exd5 21. Qxd5 Re8 22. Nfd2 Be6 23. Qc5 b6 24. Qc3 Rad8 25. Kf2 Nd4 26. Re1 Bg4 27. Ng5 Qf5+ 28. Ngf3 Rxe1 29. Kxe1 Bxf3 30. Bxf3 Qe5+ 31. Kf1 g6 32. Ne4 Qf5 33. Kg2 Qxf3+ 34. Qxf3 Nxf3 35. Kxf3 Rd3+ 0-1

[Event "Brno op"]
[Site "Brno"]
[Date "2015.08.27"]
[Round "6"]
[White "Kosina, Vladimir"]
[Black "Dumkova, Daniela"]
[Result "0-1"]
[WhiteElo "1734"]
[BlackElo "1777"]
[PlyCount "140"]
[EventDate "2015.08.23"]
[EventType "swiss"]
[EventRounds "9"]
[EventCountry "CZE"]
[SourceTitle "EXT 2016"]
[Source "ChessBase"]
[SourceDate "2015.10.08"]
[SourceVersion "1"]
[SourceVersionDate "2015.10.08"]
[SourceQuality "1"]

1. d4 Nf6 2. Nf3 e6 3. a3 b6 4. g3 Bb7 5. Bg2 c5 6. e3 d5 7. 0-0 Nbd7 8. Re1 Ne4 9. Nfd2 Be7 10. f3 Nxd2 11. Bxd2 cxd4 12. exd4 0-0 13. c3 b5 14. Bf1 Qb6 15. Kg2 a5 16. Bd3 Rfc8 17. Qe2 b4 18. axb4 axb4 19. Rxa8 Rxa8 20. Bc1 bxc3 21. bxc3 Ba6 22. Bxa6 Rxa6 23. Qc2 Qc6 24. Nd2 Bf6 25. Nb3 Qc4 26. Be3 Ra3 27. Rb1 Qa4 28. Rb2 Nb6 29. Nc1 Qxc2+ 30. Rxc2 Nc4 31. Kf2 Be7 32. Bf4 g5 33. Be3 Kg7 34. Ke2 Nxe3 35. Kxe3 h5 36. Kd3 Ra1 37. Kd2 Kg6 38. Ra2 Rb1 39. Kc2 Rb7 40. Nd3 f6 41. Ra6 Kf7 42. f4 g4 43. f5 exf5 44. Nf4 Rd7 45. Nxh5 Bd6 46. Nf4 Bxf4 47. gxf4 Kg6 48. Re6 Rh7 49. Re2 Rh3 50. Rf2 Kf7 51. Kb3 Rf3 52. Ra2 Rxf4 53. Ra7+ Kg6 54. Rd7 Rf2 55. Rxd5 Rxh2 56. Rd8 Kf7 57. Rd7+ Ke8 58. Rg7 Kf8 59. Ra7 f4 60. Kc4 f3 61. Kd5 f2 62. Ra1 g3 63. Ke6 g2 64. d5 f1Q 65. Ra8+ Kg7 66. Ke7 Qe2+ 67. Kd6 g1Q 68. Rc8 Qb6+ 69. Rc6 Qe5+ 70. Kd7 Qb7+ 0-1

[Event "Brno Duras op"]
[Site "Brno"]
[Date "2015.06.30"]
[Round "4"]
[White "Dumkova, Daniela"]
[Black "Tajovsky, Matej"]
[Result "1/2-1/2"]
[WhiteElo "1754"]
[BlackElo "1531"]
[PlyCount "61"]
[EventDate "2015.06.27"]
[EventType "swiss"]
[EventRounds "9"]
[EventCountry "CZE"]
[SourceTitle "CBM 167 Extra"]
[Source "ChessBase"]
[SourceDate "2015.09.14"]
[SourceVersion "1"]
[SourceVersionDate "2015.09.14"]
[SourceQuality "1"]

1. d4 d5 2. c4 e6 3. Nf3 Nf6 4. g3 b6 5. Bg2 Bb7 6. 0-0 Be7 7. Nbd2 Nbd7 8. b3 0-0 9. Bb2 c5 10. Ne5 Rc8 11. Re1 Bd6 12. cxd5 cxd4 13. Nxd7 Qxd7 14. dxe6 fxe6 15. Bxb7 Qxb7 16. Nf3 e5 17. a4 h6 18. Ba3 Bxa3 19. Rxa3 Qd5 20. b4 Ne4 21. Qb3 Qxb3 22. Rxb3 Nxf2 23. Nxe5 Ne4 24. Rd3 Rfd8 25. Red1 Nc3 26. R1d2 Rd5 27. Nf3 Re8 28. Nxd4 Rxd4 29. Rxd4 Nxe2+ 30. Rxe2 Rxe2 31. Rd8+ 1/2-1/2

[Event "Kouty nad Desnou op-A"]
[Site "Kouty nad Desnou"]
[Date "2015.03.13"]
[Round "8"]
[White "Stefanik, Richard"]
[Black "Dumkova, Daniela"]
[Result "1/2-1/2"]
[WhiteElo "1754"]
[BlackElo "1724"]
[PlyCount "44"]
[EventDate "2015.03.07"]
[EventType "swiss"]
[EventRounds "9"]
[EventCountry "CZE"]
[SourceTitle "EXT 2017"]
[Source "ChessBase"]
[SourceDate "2016.10.25"]
[SourceVersion "1"]
[SourceVersionDate "2016.10.25"]
[SourceQuality "1"]

1. e4 c5 2. c3 e6 3. d4 cxd4 4. cxd4 d5 5. exd5 Qxd5 6. Nf3 a6 7. Be2 Nf6 8. 0-0 Be7 9. Nc3 Qd6 10. Bg5 Nbd7 11. Qb3 0-0 12. Rfd1 b5 13. Rac1 Bb7 14. Ne1 Rac8 15. Bf3 Bxf3 16. Nxf3 h6 17. Bh4 Rc4 18. Bg3 Qb6 19. Ne5 Nxe5 20. dxe5 Ne4 21. Nxe4 Rxe4 22. Qd3 Ra4 1/2-1/2

[Event "CZE-ch U20 Girls"]
[Site "Frydek Mistek"]
[Date "2014.11.18"]
[Round "4"]
[White "Homolkova, Ivana"]
[Black "Dumkova, Daniela"]
[Result "1/2-1/2"]
[WhiteElo "1498"]
[BlackElo "1776"]
[PlyCount "68"]
[EventDate "2014.11.16"]
[EventType "swiss"]
[EventRounds "9"]
[EventCountry "CZE"]
[SourceTitle "CBM 163 Extra"]
[Source "ChessBase"]
[SourceDate "2014.12.23"]
[SourceVersion "1"]
[SourceVersionDate "2014.12.23"]
[SourceQuality "1"]

1. e4 c5 2. c3 d5 3. exd5 Qxd5 4. d4 Nc6 5. Nf3 Bg4 6. Be2 e6 7. 0-0 Nf6 8. h3 Bh5 9. Be3 cxd4 10. Nxd4 Bxe2 11. Qxe2 Nxd4 12. Bxd4 Be7 13. Rd1 Qc6 14. c4 0-0 15. Nc3 a6 16. b3 Rfd8 17. Rd3 Rd7 18. Rad1 Rad8 19. Be3 Bb4 20. Rxd7 Rxd7 21. Rxd7 Qxd7 22. Qd2 Qc7 23. Qd4 Nd7 24. Ne4 Be7 25. Qa7 f6 26. c5 Qc6 27. Qa8+ Kf7 28. Nd6+ Bxd6 29. cxd6 e5 30. Ba7 Qc1+ 31. Kh2 Qc6 32. Bb8 Qe4 33. Bc7 Qf4+ 34. Kg1 Qc1+ 1/2-1/2

[Event "CZE-ch U20 Girls"]
[Site "Frydek Mistek"]
[Date "2014.11.17"]
[Round "2"]
[White "Kanakova, Natalie"]
[Black "Dumkova, Daniela"]
[Result "1-0"]
[WhiteElo "1960"]
[BlackElo "1776"]
[PlyCount "127"]
[EventDate "2014.11.16"]
[EventType "swiss"]
[EventRounds "9"]
[EventCountry "CZE"]
[SourceTitle "CBM 163 Extra"]
[Source "ChessBase"]
[SourceDate "2014.12.23"]
[SourceVersion "1"]
[SourceVersionDate "2014.12.23"]
[SourceQuality "1"]

1. e4 c5 2. Nf3 d6 3. d4 cxd4 4. Nxd4 Nf6 5. Nc3 Nc6 6. Bg5 e6 7. Qd2 a6 8. 0-0-0 Be7 9. f3 Qc7 10. h4 Bd7 11. g4 h6 12. Be3 Nxd4 13. Bxd4 Bc6 14. Bd3 e5 15. Bf2 0-0-0 16. g5 hxg5 17. hxg5 Nd7 18. Nd5 Bxd5 19. exd5 Kb8 20. g6 fxg6 21. Bxg6 Rhf8 22. Qe3 b5 23. Rh7 Bf6 24. Qa3 Kb7 25. Kb1 Nb6 26. Qe3 Rh8 27. Rd3 Qc5 28. Qxc5 dxc5 29. d6 Nd7 30. Be4+ Kb8 31. a4 Rxh7 32. Bxh7 c4 33. Rd5 Rh8 34. Bf5 Rh1+ 35. Ka2 Rf1 36. Rd2 Kc8 37. axb5 axb5 38. Ka3 c3 39. bxc3 e4 40. fxe4 Bxc3 41. Re2 Kd8 42. Kb3 Be5 43. Bh4+ Nf6 44. Kb4 Rh1 45. Be1 Bxd6+ 46. Kxb5 Be5 47. c4 Kc7 48. Ba5+ Kb7 49. Rg2 Ne8 50. Rd2 Nc7+ 51. Kc5 Ra1 52. Bxc7 Kxc7 53. Rd7+ Kb8 54. Kd5 Ra5+ 55. c5 Bb2 56. Kc6 Ra6+ 57. Kb5 Ra3 58. Rd8+ Kc7 59. Rd7+ Kb8 60. Kb6 Rb3+ 61. Kc6 Bf6 62. Be6 Rb4 63. Bd5 Rb2 64. Kd6 1-0

[Event "Hradec Kralove op"]
[Site "Hradec Kralove"]
[Date "2014.10.23"]
[Round "7"]
[White "Dumkova, Daniela"]
[Black "Kohtz, Andreas"]
[Result "1/2-1/2"]
[WhiteElo "1792"]
[BlackElo "1995"]
[PlyCount "47"]
[EventDate "2014.10.18"]
[EventType "swiss"]
[EventRounds "9"]
[EventCountry "CZE"]
[SourceTitle "EXT 2015"]
[Source "ChessBase"]
[SourceDate "2014.11.20"]
[SourceVersion "1"]
[SourceVersionDate "2014.11.20"]
[SourceQuality "1"]

1. e4 Nf6 2. e5 Nd5 3. d4 d6 4. c4 Nb6 5. exd6 cxd6 6. Bd3 g6 7. Ne2 Bg7 8. b3 Nc6 9. Bb2 Nb4 10. 0-0 Nxd3 11. Qxd3 Bf5 12. Qd2 0-0 13. Ng3 Bxb1 14. Raxb1 e5 15. Rfe1 Re8 16. Rbd1 Qc7 17. dxe5 dxe5 18. Qd6 Qxd6 19. Rxd6 Bf8 20. Rd3 Bg7 21. Rde3 f6 22. R3e2 Red8 23. Ne4 Rac8 24. g4 1/2-1/2

[Event "Hradec Kralove op"]
[Site "Hradec Kralove"]
[Date "2014.10.21"]
[Round "5"]
[White "Dumkova, Daniela"]
[Black "Vetter, Udo"]
[Result "1/2-1/2"]
[WhiteElo "1792"]
[BlackElo "1669"]
[PlyCount "54"]
[EventDate "2014.10.18"]
[EventType "swiss"]
[EventRounds "9"]
[EventCountry "CZE"]
[SourceTitle "EXT 2015"]
[Source "ChessBase"]
[SourceDate "2014.11.20"]
[SourceVersion "1"]
[SourceVersionDate "2014.11.20"]
[SourceQuality "1"]

1. e4 c5 2. d3 Nc6 3. g3 g6 4. Bg2 Bg7 5. f4 d6 6. Nf3 Nf6 7. c3 Bd7 8. 0-0 0-0 9. h3 h5 10. Na3 a6 11. Nc2 Rb8 12. Re1 Nh7 13. d4 cxd4 14. Ncxd4 Qc8 15. Kh2 e5 16. Nxc6 Qxc6 17. Bd2 Qc7 18. Qc1 Bc6 19. f5 Qe7 20. Bh6 b5 21. Qd2 Rbd8 22. Bxg7 Kxg7 23. Qe3 Nf6 24. Qg5 Rh8 25. h4 Ng4+ 26. Kh1 Qxg5 27. Nxg5 Bd7 1/2-1/2

[Event "Brno CEZ op"]
[Site "Brno"]
[Date "2014.08.24"]
[Round "2"]
[White "Dumkova, Daniela"]
[Black "Benes, Miroslav"]
[Result "1-0"]
[WhiteElo "1745"]
[BlackElo "1957"]
[PlyCount "61"]
[EventDate "2014.08.24"]
[EventType "swiss"]
[EventRounds "9"]
[EventCountry "CZE"]
[SourceTitle "CBM 162 Extra"]
[Source "ChessBase"]
[SourceDate "2014.10.17"]
[SourceVersion "1"]
[SourceVersionDate "2014.10.17"]
[SourceQuality "1"]

1. e4 c5 2. d3 Nc6 3. g3 g6 4. Bg2 Bg7 5. f4 d6 6. Nf3 Bg4 7. h3 Bxf3 8. Qxf3 Nf6 9. c3 0-0 10. 0-0 Nd7 11. Na3 Rb8 12. Nc2 Qc7 13. Kh2 Rfc8 14. Qf2 b5 15. f5 Rf8 16. d4 b4 17. Be3 bxc3 18. bxc3 Qa5 19. e5 cxd4 20. cxd4 Nb4 21. Bd2 Qa4 22. Nxb4 Rxb4 23. Bxb4 Qxb4 24. Rab1 Qa5 25. Rb7 Qa4 26. Rc1 dxe5 27. Rcc7 Nf6 28. dxe5 Ne4 29. Qxa7 Qxa7 30. Rxa7 gxf5 31. Rxe7 1-0

[Event "Brno Duras op-A"]
[Site "Brno"]
[Date "2014.07.03"]
[Round "6"]
[White "Jires, Jiri"]
[Black "Dumkova, Daniela"]
[Result "1/2-1/2"]
[WhiteElo "1879"]
[BlackElo "1637"]
[PlyCount "41"]
[EventDate "2014.06.28"]
[EventType "swiss"]
[EventRounds "9"]
[EventCountry "CZE"]
[SourceTitle "CBM 161 Extra"]
[Source "ChessBase"]
[SourceDate "2014.08.29"]
[SourceVersion "1"]
[SourceVersionDate "2014.08.29"]
[SourceQuality "1"]

1. e4 c5 2. Nf3 d6 3. d4 cxd4 4. Nxd4 Nf6 5. Nc3 Nc6 6. Be2 e6 7. 0-0 Be7 8. Re1 a6 9. Be3 0-0 10. f3 Qc7 11. Na4 b5 12. Nxc6 Qxc6 13. Nb6 Rb8 14. Nxc8 Rfxc8 15. Bd3 Nd7 16. Qe2 Rc7 17. Rac1 Ne5 18. f4 Nc4 19. Bd4 e5 20. fxe5 dxe5 21. Bc3 1/2-1/2